000
00184 a2200097 4500
020
_a
9780440243076
041
_a
eng
100
_a
Mary Balqgh
245
_a
the devils web
942
_c
BK
999
_c
30585
_d
30583